[Event "IECC KO-5043"]
[Site "IECC email"]
[Date "2005.06.06"]
[Round "?"]
[White "Reeves, Andrew"]
[Black "Manis, Jose"]
[Result "0-1"]
[WhiteElo "1178"]
[BlackElo "1652"]
[PlyCount "62"]
[EventDate "2004.??.??"]
[EventType "match (corr)"]
[EventRounds "2"]
[SourceTitle "Corr 2020"]
[Source "ChessBase"]
[SourceDate "2019.09.30"]
[SourceVersion "1"]
[SourceVersionDate "2019.09.30"]
[SourceQuality "1"]
[WhiteTeam "England"]
[BlackTeam "United States"]
[WhiteTeamCountry "ENG"]
[BlackTeamCountry "USA"]

1. e4 e5 2. d4 exd4 3. c3 dxc3 4. Bc4 cxb2 5. Bxb2 c6 6. Nc3 Nf6 7. Qc2 Bc5 8. Nf3 d5 9. 0-0-0 0-0 10. exd5 Qc7 11. Ne4 Nxe4 12. Qxe4 cxd5 13. Rxd5 Be7 14. Rh5 h6 15. Rxh6 Bf5 16. Qd4 Bf6 17. Rxf6 gxf6 18. Qxf6 Qxc4+ 19. Bc3 Qxc3+ 20. Qxc3 Rc8 21. Qxc8+ Bxc8 22. Re1 Nc6 23. Re4 Be6 24. a3 Na5 25. Re5 Rc8+ 26. Kd1 Nc4 27. Rg5+ Kf8 28. h4 Nxa3 29. Ra5 Bb3+ 30. Ke2 Nb5 31. h5 Rc5 0-1

[Event "IECC TH-M email"]
[Site "IECC email"]
[Date "2003.08.28"]
[Round "?"]
[White "Picchiottino, Jean Pierre"]
[Black "Reeves, Andrew"]
[Result "1-0"]
[WhiteElo "1369"]
[BlackElo "1063"]
[PlyCount "37"]
[EventDate "2003.??.??"]
[EventType "match (corr)"]
[EventRounds "2"]
[SourceTitle "Corr 2008"]
[Source "ChessBase"]
[SourceDate "2008.06.24"]
[SourceVersion "1"]
[SourceVersionDate "2008.06.24"]
[SourceQuality "1"]

1. e4 e5 2. f4 exf4 3. Nf3 Be7 4. Bc4 Nf6 5. e5 Ng4 6. 0-0 Nc6 7. d4 d5 8. exd6 Bxd6 9. Re1+ Ne7 10. Qe2 Bf5 11. Bxf7+ Kxf7 12. Qc4+ Kf6 13. Nc3 Qg8 14. Qb5 h6 15. h3 Ne3 16. Bxe3 fxe3 17. Rxe3 Bxc2 18. Rf1 g6 19. Ne1+ 1-0

[Event "IECC TH-M email"]
[Site "IECC email"]
[Date "2003.08.28"]
[Round "?"]
[White "Reeves, Andrew"]
[Black "Picchiottino, Jean Pierre"]
[Result "0-1"]
[WhiteElo "1068"]
[BlackElo "1364"]
[PlyCount "36"]
[EventDate "2003.??.??"]
[EventType "match (corr)"]
[EventRounds "2"]
[SourceTitle "Corr 2008"]
[Source "ChessBase"]
[SourceDate "2008.06.24"]
[SourceVersion "1"]
[SourceVersionDate "2008.06.24"]
[SourceQuality "1"]

1. e4 e5 2. f4 exf4 3. Nf3 g5 4. h4 g4 5. Ne5 Nf6 6. d4 d6 7. Nd3 Nxe4 8. Bxf4 Bg7 9. c3 0-0 10. Nd2 Re8 11. Nxe4 Rxe4+ 12. Kf2 c5 13. dxc5 dxc5 14. g3 Qb6 15. Bg2 c4+ 16. Kf1 Re8 17. Qa4 Bd7 18. Qxc4 Bb5 0-1

[Event "IECC M email"]
[Site "IECC email"]
[Date "2003.02.15"]
[Round "?"]
[White "Christensen, Del"]
[Black "Reeves, Andrew"]
[Result "0-1"]
[WhiteElo "942"]
[BlackElo "1035"]
[PlyCount "60"]
[EventDate "2003.??.??"]
[EventType "tourn (corr)"]
[EventRounds "6"]
[SourceTitle "Corr 2008"]
[Source "ChessBase"]
[SourceDate "2008.06.24"]
[SourceVersion "1"]
[SourceVersionDate "2008.06.24"]
[SourceQuality "1"]

1. e4 d5 2. e5 e6 3. d4 c5 4. c3 Nc6 5. Nf3 Qb6 6. Bd3 cxd4 7. c4 Bc5 8. 0-0 f6 9. exf6 Nxf6 10. Re1 Nb4 11. Ng5 Nxd3 12. Qxd3 Be7 13. Na3 Bd7 14. b3 a6 15. Bf4 Bxa3 16. Be5 Bb2 17. Rab1 Bc3 18. Rec1 Rf8 19. Nxh7 Nxh7 20. Bxg7 Rf7 21. Qxh7 d3 22. Rf1 Bxg7 23. Qg8+ Bf8 24. Qg6 Qc5 25. Qxd3 0-0-0 26. b4 Qd6 27. c5 Qc7 28. a3 Bb5 29. Qh3 Rh7 30. Qxe6+ Bd7 0-1

[Event "IECC M email"]
[Site "IECC email"]
[Date "2003.02.10"]
[Round "?"]
[White "Nyack, Warren"]
[Black "Reeves, Andrew"]
[Result "0-1"]
[WhiteElo "1150"]
[BlackElo "1047"]
[PlyCount "42"]
[EventDate "2003.??.??"]
[EventType "tourn (corr)"]
[EventRounds "6"]
[SourceTitle "Corr 2008"]
[Source "ChessBase"]
[SourceDate "2008.06.24"]
[SourceVersion "1"]
[SourceVersionDate "2008.06.24"]
[SourceQuality "1"]

1. d4 f5 2. e3 Nf6 3. Nf3 e6 4. c4 Bb4+ 5. Nc3 b6 6. Bd2 Bb7 7. Ne5 Nc6 8. e4 Nxd4 9. a3 Bxc3 10. Bxc3 c5 11. Bd3 fxe4 12. Be2 Nxe2 13. Qxe2 d6 14. Ng4 e5 15. Nxf6+ Qxf6 16. Qh5+ g6 17. Qe2 0-0-0 18. 0-0-0 Rhf8 19. Rhf1 Qf4+ 20. Kb1 Qxh2 21. Qg4+ Kb8 0-1